| 000 | 00629nam a2200205Ii 4500 | ||
|---|---|---|---|
| 003 | JO-AjNU | ||
| 008 | 230605s9999||||xx |||||||||||||| ||und|| | ||
| 040 |
_aJO-AjNU _bara _erda _cJO-AjNU |
||
| 041 | _aara | ||
| 050 | 1 | 4 | _aDS248.M5.Y37 1993 |
| 100 | 3 |
_aغضبان، ياسين, _eauthor _919250 |
|
| 245 | 0 | 0 | _aمدينة يثرب قبل الإسلام |
| 250 | _aط1 | ||
| 264 | 3 | 1 | _aعمان: دار البشير، 1993 |
| 300 | _a168ص | ||
| 336 |
_atext _btxt _2rdacontent |
||
| 337 |
_aunmediated _bn _2rdamedia |
||
| 338 |
_avolume _bnc _2rdacarrier |
||
| 650 | 4 |
_aالسعودية-تاريخ، يثرب-تاريخ _919251 |
|
| 999 |
_aA6313 _c9881 _d9881 |
||